Central Library OPAC University of Rajshahi

Jordan-Algebren / (Record no. 70030)

MARC details
000 -LEADER
fixed length control field 00950nam a2200265 a 4500
001 - CONTROL NUMBER
control field 70030
003 - CONTROL NUMBER IDENTIFIER
rucl marc code BD-RjUL
005 - DATE AND TIME OF LATEST TRANSACTION
control field 20211209081945.0
008 - FIXED-LENGTH DATA ELEMENTS--GENERAL INFORMATION
fixed length control field 170415t19661965gw b 000 0 ger
035 ## - SYSTEM CONTROL NUMBER
System control number (BD-RjUL)70242
040 ## - CATALOGING SOURCE
Original cataloging agency DLC/ICU
Transcribing agency ICU
Modifying agency BD-RjUL
Language of cataloging eng
041 ## - LANGUAGE CODE
Language code of text/sound track or separate title eng
082 00 - DEWEY DECIMAL CLASSIFICATION NUMBER
Classification number 512
Edition number 23
Author mark and year BRJ 1966
100 1# - MAIN ENTRY--PERSONAL NAME
Personal name Braun, Hel.
9 (RLIN) 207410
245 10 - TITLE STATEMENT
Title Jordan-Algebren /
Statement of responsibility, etc. Hel Braun and Max Koecher.
260 ## - PUBLICATION, DISTRIBUTION, ETC. (IMPRINT)
Place of publication, distribution, etc. Berlin,
-- New York :
Name of publisher, distributor, etc. Springer-Verlag,
Date of publication, distribution, etc. c1966.
300 ## - PHYSICAL DESCRIPTION
Pagination xiv, 357 p. ;
Size 24 cm.
490 1# - SERIES STATEMENT
Series statement Die Grundlehren der mathematischen wissenschaften in Einzeldarstellungen,
Volume/sequential designation Bd. 128
504 ## - BIBLIOGRAPHY, ETC. NOTE
Bibliography, etc Bibliography: p. [338]-352.
650 #0 - SUBJECT ADDED ENTRY--TOPICAL TERM
Topical term or geographic name as entry element Jordan algebras.
9 (RLIN) 207411
700 1# - ADDED ENTRY--PERSONAL NAME
Personal name Koecher, Max,
Relator term joint author.
830 #0 - SERIES ADDED ENTRY--UNIFORM TITLE
Uniform title Grundlehren der mathematischen Wissenschaften in Einzeldarstellungen mit besonderer Berücksichtigung der Anwendungsgebiete ;
Volume number/sequential designation Bd. 128.
942 ## - ADDED ENTRY ELEMENTS (KOHA)
Source of classification or shelving scheme Dewey Decimal Classification
Koha item type Books
Holdings
Lost status Source of classification or shelving scheme Damaged status Not for loan Collection code Permanent Location Current Location Shelving location Date acquired Source of acquisition Cost, normal purchase price Total Checkouts Full call number Date last seen Copy number Koha item type
  Dewey Decimal Classification   Not For Loan Non-fiction Central Library, University of Rajshahi Central Library, University of Rajshahi Reading Room 10/05/1967 Sweets & zeithiger 101.60   512 BRJ 1966 15/04/2017 C-1 Books